Responses for Show #2541 - Monday, September 25, 1995

Linda Roberts game 1.

Contestants

[<< previous game]

Paul Skocz, a management analyst from Arnold, Maryland

Linda Roberts, a registered nurse from Houston, Texas

Keith Bush, a copy editor from Long Beach, California (whose 2-day cash winnings total $30,000)

[next game >>]

Jeopardy! Round responses

THE 1980s
CLASSIC SITCOMS
ANNUAL EVENTS
ASTROLOGY
WORLD CITIES
DOUBLE TALK
    $100 1
the Dow Jones

Keith
    $100 23
Gilligan's Island

Linda
    $100 6
Labor Day

Paul
    $100 11
Aries

Keith
    $100 13
Cairo

Linda
    $100 14
a tutu

Keith
    $200 2
ibuprofen

Linda
    $200 24
Fred (Mertz)

Keith
    $200 7
Reagan

Keith
    $200 12
Pisces

Linda
    $200 22
Calcutta

Linda
    $200 15
a no-no

Keith
    $300 3
Argentina

Linda
    $300 25
The Dick Van Dyke Show

Keith
    $300 8
Annie Oakley

Linda
    $300 18
Sagittarius

Linda
    $300 28
Seville

Paul
    $300 16
water, water

Keith
    $400 4
(Ross) Perot

Keith
    $400 26
Theodore

Linda
    $400 9
the Calgary Stampede

Paul
    $400 19
Virgo

Keith
    $400 29
Ho Chi Minh City

Linda
    $400 17
Chi-Chi

Linda
    $500 5
Saudi Arabia

Linda
    $500 27
dentist

Keith
    $500 10
Grant Wood

Linda
    $1,000 20
Scorpio & Cancer

Keith
    $500 30
Antwerp

Linda
    $500 21
chop-chop

Linda

Scores at the first commercial break (after clue 15):

Keith Linda Paul
$1,100 $2,100 $500

Scores at the end of the Jeopardy! Round:

Keith Linda Paul
$3,800 $4,900 $800

Double Jeopardy! Round responses

HISTORY
FICTIONAL CHARACTERS
LANGUAGES
AMERICAN LAKES
MEDICAL TERMS
MUSICAL THEATRE
    $200 7
Genghis Khan

Paul
    $200 4
Richard the Lionhearted

Linda
    $200 5
Latin

Linda
    $200 6
New York state

Linda
    $200 3
anesthetic

Keith
    $200 1
Carol Channing

Paul
    $400 8
a dirigible

Paul
    $400 12
the Great Gatsby

Linda
    $400 13
German

Keith
    $400 27
(Keith: What is Champlain?)

Lake Michigan

KeithLinda
    $400 17
gums

Keith
    $400 2
Miss Saigon

Linda
    $1,000 9
(Paul: Who was... I have no idea?)

Queen Isabella

Paul
    $600 14
Tom Joad

Paul
    $600 18
Greek

Keith
    $600 28
(Linda: What is Minnesota?)

Wisconsin

Linda
Triple Stumper
    $600 20
ovulation

Paul
    $600 21
Oklahoma!

Linda
    $800 10
Liberia

Keith
    $800 15
(John) Irving

Keith
    $800 19
Latvian

Linda
    $2,000 29
the Great Salt Lake

Linda
    $800 22
solar plexus

Triple Stumper
    $800 24
Rudy Vallée

Paul
    $1000 11
(Marshal) Pétain

Linda
    $1000 16
On the Road

Linda
    $1000 26
Sanskrit

Linda
    $1000 30
Lake Pontchartrain

Linda
    $1000 23
orthopedics

Linda
    $1000 25
"Climb Ev'ry Mountain"

Linda

Scores at the end of the Double Jeopardy! Round:

Keith Linda Paul
$6,600 $15,500 $2,600
(lock game)

[wagering suggestions for these scores]

Final Jeopardy! Round responses

NEXT IN LINE
(Alex: It would help immensely if you knew the clue had to do with first ladies.)

(Paul: It's my wife's name, I couldn't think of anything else.)
(Alex: Well, that's good, you gave your wife a plug here.)

(Alex: Jacqueline, a reference to Jacqueline Kennedy. Claudia, Claudia "Lady Bird Johnson". Thelma, better known as Pat Nixon, and [*].)
PaulWhat is Rosemary?
$2,600
KeithWhat was Mr. Ed?
$1,300
LindaWhat is ?
$2,299
Elizabeth "Betty" (Ford)

Final scores:

Keith Linda Paul
$5,300 $13,201 $0
2nd place: La-Z-Boy sofa & loveseat + Harris Lamps floor & table lamps + Jeopardy! '92 home game + Jeopardy! Sports Edition video game New champion: $13,201 + Jeopardy! '92 home game + Jeopardy! Sports Edition video game 3rd place: Swintec SF1200 fax machine + Jeopardy! '92 home game + Jeopardy! Sports Edition video game

Game dynamics:

Coryat scores:

Keith Linda Paul
$6,100 $14,300 $3,600
18 R
(including 1 DD),
1 W
30 R
(including 1 DD),
1 W
9 R,
1 W
(including 1 DD)

Combined Coryat: $24,000

[game clues] [game scores] [suggest correction]

Game tape date: Unknown
The J! Archive is created by fans, for fans. Scraping, republication, monetization, and malicious use prohibited; this site may use cookies and collect identifying information. See terms. The Jeopardy! game show and all elements thereof, including but not limited to copyright and trademark thereto, are the property of Jeopardy Productions, Inc. and are protected under law. This website is not affiliated with, sponsored by, or operated by Jeopardy Productions, Inc. Join the discussion at JBoard.tv.